00355nam a2200121Ia 4500008004100000041000800041082001700049100003400066245004400100260004900144300003100193365000900224240624s9999 xx 000 0 und d aeng a658.3124 HAR aHARVARD BUSINESS SCHOOL PRESS aCOACHING AND MENTORING HOW TO DEVELOPED c2004aLondonbHarvard Businesss School Press avii, : 152 : p. : cm. ; 23 cb30